000 00287nam a2200121Ia 4500
008 190216s9999||||xx |||||||||||||| ||und||
100 _aJules Verne
245 0 _aRound The World In Eighty Days
260 _bE J Arnold & Son Ltd
_c1956
300 _a96p
650 _aNovel
942 _cBK
999 _c11717
_d11717